| 000 | 00322nam a22001337a 4500 | ||
|---|---|---|---|
| 020 | _a978-93-5463-718-6 | ||
| 082 |
_a570 _bOSW/B |
||
| 100 | _aOSWAAL BOOKS | ||
| 245 |
_aCBSE MCQ QUESTION BANK BIOLOGY _bCLASS XI |
||
| 260 |
_aAGRA _bOSWAAL BOOKS _c2021 |
||
| 300 | _a79 | ||
| 650 |
_aBIOLOGY QUESTION BANK _zINDIA |
||
| 942 | _cBK | ||
| 999 |
_c969 _d969 |
||